même français - Statistiques

Statistiques générales
  • Ce quiz a été pris 355 fois
  • Le résultat moyen est 6 sur 15
Statistiques - réponses
Questions Réponses % Correct
Coucou les ......... , moi je mange ma glace ! musulmans
80%
Oh mon dieu , les gens qui parlent en français ils ont tellement de .......... charisme
79%
Ah bah bravo .......... , super pour l'appareil photo ! Nils
76%
MACROON , Putainnn ........ EXPLOSION
67%
8 morts , 6 blessés je pète ma bière , ma ......... libellule
64%
Des 7 , des 8 ! Non mais t'es qui toi ? j'suis ......... pamela
56%
J'suis trop content , on va manger du ......... riz
48%
Quelle est la capital de ........ paris
46%
Arrêtes tu fais .......... mon zizi gonfler
40%
Je vous le dis ça me fait ......... bander
30%
Le monde .......... ça déchirre ! zombie
17%
BOUM en plein dans l'.......... sanglier
12%
WOOw c'est .......... génial
11%
c'est la .......... la colère de Dieu va s'abbatre décadance
7%
HEYY c'est........qu'est ce tou fait là ? manouel
2%
Aucun quiz correspondant
Distribution des résultats
% des personnes avec chaque résultat
Percentile par nombre de réponses
Votre historique - résultats
Vous n’avez pas pris ce quiz